000 01701nam a2200253 a 4500
008 150205s2013 ||||||||||||||||| || u
020 _a9780808924449
050 _aQM 601 Moo
100 _aMoore, Keith L
245 1 4 _aThe developing human: clinically oriented embryology. (9th ed.)
_cBy Keith L. Moore , T.V.N. Persaud and Mark G. Torchia
250 _a9th ed.
260 _aCanada
_bElsevier Saunders
_c2013
300 _axix, 540p.: ill.
350 _a106.88
650 _aEMBRYOLOGY, HUMAN
650 _aEMBRYOLOGY
650 _aABNORMALITIES, HUMAN
995 _aMICHAEL CHILUFYA SATA OPEN ACCESS
_e902543
_FCBU-SCHOOL OF MEDICINE LIBRARY (Ndola)
_I106.88
_jQM 601.M76 Moo
_M4
_UAVAILABLE
_WFeb 10, 2015
_y902543
_ZMedical Library Open Access Collection
995 _aMEDICAL LIBRARY OPEN ACCESS
_e902540
_FCBU-SCHOOL OF MEDICINE LIBRARY (Ndola)
_I106.88
_jQM 601.M76 Moo
_M1
_UOUT
_WFeb 10, 2015
_y902540
_ZMedical Library Open Access Collection
995 _aSHORT LOAN BOOKS
_e902541
_FCBU-SCHOOL OF MEDICINE LIBRARY (Ndola)
_I106.88
_jQM 601.M76 Moo
_M2
_UAVAILABLE
_WFeb 10, 2015
_y902541
_ZMedical Library Open Access Collection
995 _aMEDICAL LIBRARY OPEN ACCESS
_e902544
_FCBU-SCHOOL OF MEDICINE LIBRARY (Ndola)
_I106.88
_jQM 601.M76 Moo
_M5
_UAVAILABLE
_WFeb 10, 2015
_y902544
_ZMedical Library Open Access Collection
995 _aMICHAEL CHILUFYA SATA OPEN ACCESS
_e902915
_FCBU-SCHOOL OF MEDICINE LIBRARY (Ndola)
_I106.88
_jQM 601 Moo
_M6
_UAVAILABLE
_WMar 16, 2015
_y902915
_ZMedical Library Open Access Collection
995 _aMEDICAL LIBRARY OPEN ACCESS
_e902542
_FCBU-SCHOOL OF MEDICINE LIBRARY (Ndola)
_I106.88
_jQM 601.M76 Moo
_M3
_UAVAILABLE
_WFeb 10, 2015
_y902542
_ZMedical Library Open Access Collection
999 _c63787
_d63787